[Event "Oslo ASKO Pinseturnering"]
[Site "Oslo"]
[Date "2008.05.10"]
[Round "1"]
[White "Grotnes, Nils Ragnar"]
[Black "Haug, Marianne Wold"]
[Result "1/2-1/2"]
[WhiteElo "2238"]
[BlackElo "1849"]
[PlyCount "67"]
[EventDate "2008.05.10"]
[EventType "swiss"]
[EventRounds "6"]
[EventCountry "NOR"]
[SourceTitle "EXT 2010"]
[Source "ChessBase"]
[SourceDate "2010.11.25"]
[SourceVersion "1"]
[SourceVersionDate "2010.11.25"]
[SourceQuality "1"]

1. d4 Nf6 2. c4 g6 3. Nc3 Bg7 4. e4 d6 5. Be2 0-0 6. Be3 e5 7. d5 Nbd7 8. g4 Nb6 9. h4 Ne8 10. h5 g5 11. b4 h6 12. c5 Nd7 13. Nf3 a5 14. a3 c6 15. dxc6 bxc6 16. cxd6 axb4 17. axb4 Rxa1 18. Qxa1 Nxd6 19. Nd2 Bb7 20. 0-0 Qe7 21. Qb2 Ra8 22. Rd1 Nf8 23. Bc5 Ne6 24. Nc4 Nxc4 25. Bxc4 Nxc5 26. bxc5 Bc8 27. Qb6 Bxg4 28. Qxc6 Rc8 29. Qd6 Qxd6 30. Rxd6 Rxc5 31. Rd8+ Bf8 32. Be2 Bxe2 33. Nxe2 f6 34. Ng3 1/2-1/2